[Event "42nd Olympiad 2016"]
[Site "Baku AZE"]
[Date "2016.09.02"]
[Round "1.21"]
[Board "3"]
[White "Rusev, Krasimir"]
[Black "Elobeid, Asim Ali"]
[Result "1-0"]
[WhiteTitle "GM"]
[BlackTitle "CM"]
[WhiteElo "2548"]
[BlackElo "2109"]
[WhiteTeam "Bulgaria"]
[BlackTeam "Sudan"]
[WhiteFideId "2905434"]
[BlackFideId "12200190"]
[EventDate "2016.09.02"]

1. d4 d6 2. e4 Nf6 3. Nc3 c6 4. f4 Qa5 5. e5 Ne4 6. Qf3 d5 7. Bd3 g6 8. Ne2 Na6
9. O-O Nxc3 10. bxc3 e6 11. c4 Bd7 12. Rb1 b5 13. c5 Be7 14. Be3 Qd8 15. g4 f5
16. exf6 Bxf6 17. h4 O-O 18. g5 Be7 19. h5 e5 20. dxe5 Nxc5 21. hxg6 Nxd3 22.
gxh7+ Kh8 23. cxd3 Bxg5 24. Qh5 Be7 25. f5 Be8 26. Qh2 d4 27. Bxd4 c5 28. Ba1
Qxd3 29. Rb3 Qe4 30. Rg3 Bc6 31. e6+ Rf6 32. Qh6 Qh1+ 33. Qxh1 Bxh1 34. Kxh1
Kxh7 35. Bxf6 1-0

[Event "42nd Olympiad 2016"]
[Site "Baku AZE"]
[Date "2016.09.02"]
[Round "1.25"]
[Board "2"]
[White "Davy, Damion"]
[Black "Perez Ponsa, Federico"]
[Result "1/2-1/2"]
[WhiteTitle "FM"]
[BlackTitle "GM"]
[WhiteElo "2117"]
[BlackElo "2585"]
[WhiteTeam "Jamaica"]
[BlackTeam "Argentina"]
[WhiteFideId "7400519"]
[BlackFideId "117927"]
[EventDate "2016.09.02"]

1. d4 Nf6 2. c4 e6 3. Nc3 Bb4 4. e3 O-O 5. Ne2 d5 6. a3 Be7 7. cxd5 exd5 8. Nf4
Re8 9. Bd3 Bd6 10. O-O Bxf4 11. exf4 Nc6 12. Bc2 Ne7 13. h3 Bf5 14. Ba4 Bd7 15.
Bc2 h5 16. Re1 Nc6 17. Rxe8+ Qxe8 18. f5 Qc8 19. g4 hxg4 20. hxg4 Ne7 21. Bg5 c5
22. Bxf6 gxf6 23. Kg2 cxd4 24. Qxd4 Qc4 25. Rd1 Rc8 26. f3 Qxd4 27. Rxd4 Nc6 28.
Rxd5 Ne5 29. Be4 Bc6 30. Rd4 Kg7 31. Kg3 Bxe4 32. Nxe4 Rc1 33. Kf4 Rf1 34. Nxf6
Nxf3 35. Nh5+ Kf8 36. Rd8+ Ke7 37. Rb8 Nd2+ 38. Ke3 Nc4+ 39. Ke2 Rg1 40. Rxb7+
Kd6 41. Rxf7 Rxg4 42. Rxa7 Rg2+ 43. Kf3 Rxb2 44. Kf4 Rh2 45. Ra6+ Kd5 46. Nf6+
Kd4 47. Ng4 Rh1 48. f6 Rf1+ 49. Kg5 Kd5 50. Ra7 Ke6 51. Re7+ Kd6 52. a4 Nb6 53.
a5 Nd5 54. Rh7 Ke6 55. a6 Rf5+ 56. Kh4 Nf4 57. Re7+ Kd6 58. Kg3 Nh5+ 59. Kh4
Nxf6 60. Rg7 Nxg4 61. Kxg4 Rf8 62. a7 Kc6 63. Rf7 Ra8 64. Kf5 Kb6 65. Ke5 Rxa7
66. Rxa7 Kxa7 67. Ke4 1/2-1/2

[Event "42nd Olympiad 2016"]
[Site "Baku AZE"]
[Date "2016.09.02"]
[Round "1.35"]
[Board "4"]
[White "Nitzborn, Max Baron"]
[Black "Moroni, Luca Jr"]
[Result "0-1"]
[BlackTitle "FM"]
[WhiteElo "1970"]
[BlackElo "2459"]
[WhiteTeam "Namibia"]
[BlackTeam "Italy"]
[WhiteFideId "15200434"]
[BlackFideId "865834"]
[EventDate "2016.09.02"]

1. e4 e6 2. d4 d5 3. exd5 exd5 4. c4 Nf6 5. Nc3 Nc6 6. cxd5 Nxd5 7. Bc4 Be6 8.
Bb3 Bb4 9. Ne2 O-O 10. O-O Re8 11. Qd3 Bf8 12. Rd1 Ndb4 13. Qf3 Bxb3 14. axb3
Nc2 15. Ra4 N2xd4 16. Nxd4 Nxd4 17. Qd5 c5 18. Be3 Qxd5 19. Nxd5 Rad8 20. Nc3 b5
21. Rxa7 b4 22. Kf1 bxc3 23. bxc3 Nb5 24. Rad7 Rxd7 25. Rxd7 Nxc3 26. Bd2 Ne4
27. Bc1 Ra8 28. Bb2 Ra2 29. Be5 Rxf2+ 30. Kg1 Rd2 31. Rxd2 Nxd2 32. Kf2 Nxb3 33.
Bc3 g6 34. Ke2 c4 35. Kd1 Bg7 36. Bxg7 Kxg7 37. Kc2 f5 38. Kc3 Na5 0-1

[Event "42nd Olympiad 2016"]
[Site "Baku AZE"]
[Date "2016.09.02"]
[Round "1.61"]
[Board "1"]
[White "Atabayev, Maksat"]
[Black "Prasad, Calvin"]
[Result "1-0"]
[WhiteTitle "GM"]
[BlackTitle "CM"]
[WhiteElo "2485"]
[BlackElo "2013"]
[WhiteTeam "Turkmenistan"]
[BlackTeam "Fiji"]
[WhiteFideId "14001101"]
[BlackFideId "11400072"]
[EventDate "2016.09.02"]

1. e4 c6 2. d4 d5 3. Nc3 dxe4 4. Nxe4 Bf5 5. Ng3 Bg6 6. Nf3 Nd7 7. Bd3 e6 8. O-O
Ngf6 9. c4 Be7 10. Bxg6 hxg6 11. Qe2 Qc7 12. Rd1 Nb6 13. b3 O-O 14. Ne4 Nxe4 15.
Qxe4 Bf6 16. Bg5 Qe7 17. Qh4 Rfe8 18. Re1 Nd7 19. Re4 Nf8 20. Bxf6 gxf6 21. Qh6
g5 22. Rg4 Nh7 23. h4 Qf8 24. Qh5 Qg7 25. Rg3 Qg6 26. Qxg6+ fxg6 27. hxg5 f5 28.
Ne5 Kg7 29. f4 Rad8 30. Rd1 Nf8 31. Rgd3 Nd7 32. Nf3 Kf7 33. Kf2 Kg7 34. Ke3 Rh8
35. Re1 Kf7 36. Kd2 a5 37. a4 Rh7 38. Kc3 Rhh8 39. Rde3 Rde8 40. Ne5+ Nxe5 41.
Rxe5 b6 42. c5 b5 43. axb5 cxb5 44. c6 a4 45. Rxb5 axb3 46. d5 b2 47. Rxb2 Re7
48. dxe6+ Kg7 49. Rb7 Re8 50. Rxe7+ Rxe7 51. Kd4 Kf8 52. Ke5 Rc7 53. Kd6 Rc8 54.
Kd7 Re8 55. e7+ Kf7 56. c7 Rxe7+ 57. Rxe7+ Kg8 58. c8=R# 1-0

[Event "42nd Olympiad 2016"]
[Site "Baku AZE"]
[Date "2016.09.02"]
[Round "1.64"]
[Board "3"]
[White "Greenidge, Ronuel"]
[Black "Colovic, Aleksandar"]
[Result "0-1"]
[WhiteTitle "CM"]
[BlackTitle "GM"]
[WhiteElo "1723"]
[BlackElo "2432"]
[WhiteTeam "Guyana"]
[BlackTeam "FYROM"]
[WhiteFideId "19700075"]
[BlackFideId "15000729"]
[EventDate "2016.09.02"]

1. d4 Nf6 2. c4 e6 3. Nc3 Bb4 4. e3 b6 5. Ne2 Ba6 6. a3 Bxc3+ 7. Nxc3 d5 8. b3
O-O 9. Be2 Nc6 10. cxd5 Bxe2 11. Qxe2 exd5 12. O-O Re8 13. Qc2 Qd7 14. Bd2 Ne7
15. Rac1 Rac8 16. Na4 c6 17. Rfd1 Nf5 18. b4 Nd6 19. Nb2 Nfe4 20. Qb3 b5 21. Be1
Nc4 22. Nd3 Qf5 23. Ra1 Re6 24. a4 Rf6 25. axb5 Nxe3 26. Ne5 Nxd1 27. Qxd1 cxb5
28. Rxa7 Nxf2 29. Qe2 Qe4 30. Qd1 Nxd1 0-1

[Event "42nd Olympiad 2016"]
[Site "Baku AZE"]
[Date "2016.09.02"]
[Round "1.65"]
[Board "3"]
[White "Seitaj, Ilir"]
[Black "Abdul, Rahman Ali"]
[Result "1-0"]
[WhiteTitle "IM"]
[BlackTitle "CM"]
[WhiteElo "2374"]
[BlackElo "1853"]
[WhiteTeam "Albania"]
[BlackTeam "Maldives"]
[WhiteFideId "4700031"]
[BlackFideId "16700066"]
[EventDate "2016.09.02"]

1. e4 e6 2. d4 d5 3. Nc3 Bb4 4. e5 a6 5. Qg4 Bf8 6. Nf3 b6 7. h4 c5 8. Bd3 c4 9.
Bf1 b5 10. h5 h6 11. Qf4 Nc6 12. g4 Be7 13. Be3 Bd7 14. Rg1 Rb8 15. g5 Bf8 16.
g6 f6 17. exf6 Qxf6 18. O-O-O Rb7 19. Ne5 Qxf4 20. Bxf4 Nf6 21. Nf7 Rg8 22. Rh1
a5 23. Bg2 Be7 24. Rde1 Bc8 25. Be5 Kd7 26. f4 b4 27. Na4 Rb5 28. f5 exf5 29.
Bxf6 Bxf6 30. Bxd5 Kc7 31. Bxc4 Rb8 32. d5 Nd8 33. d6+ Kb7 34. Re7+ Bxe7 35.
dxe7 Ne6 36. Nd6+ Kc7 37. e8=Q Rxe8 38. Nxe8+ Kd7 39. Re1 Kxe8 40. Bxe6 Kf8 41.
Bxc8 Rxc8 42. Rf1 Ra8 43. Rxf5+ Kg8 44. Nc5 Re8 45. Kd2 Re7 46. Kd3 Re1 47. Kc4
Re2 48. Kb3 Re7 49. Ka4 Ra7 50. Ne6 Ra8 51. Rf7 Re8 52. Nxg7 Re5 53. Nf5 Rc5 54.
Nxh6+ 1-0

[Event "42nd Olympiad 2016"]
[Site "Baku AZE"]
[Date "2016.09.03"]
[Round "2.12"]
[Board "2"]
[White "Bashirli, Nail"]
[Black "Zhigalko, Andrey"]
[Result "1/2-1/2"]
[WhiteTitle "FM"]
[BlackTitle "GM"]
[WhiteElo "2387"]
[BlackElo "2591"]
[WhiteTeam "Azerbaijan 3"]
[BlackTeam "Belarus"]
[WhiteFideId "13406809"]
[BlackFideId "13502247"]
[EventDate "2016.09.02"]

1. e4 c5 2. Nf3 d6 3. d4 cxd4 4. Nxd4 Nf6 5. Nc3 a6 6. Bc4 e6 7. Bb3 Be7 8. g4
O-O 9. g5 Nfd7 10. h4 Nc5 11. Be3 b5 12. a3 Bb7 13. f3 Nxb3 14. cxb3 Nc6 15. Qe2
Nxd4 16. Bxd4 e5 17. Be3 Rc8 18. b4 f5 19. gxf6 Rxf6 20. O-O-O Qf8 21. Bg5 Rg6
22. Qe3 h6 23. Bxe7 Qxe7 24. Kb1 Rf8 25. Rd3 Rf7 26. Ka1 Qf8 27. Rf1 Kh7 28. Rc1
Rgf6 29. Rf1 Rf4 30. h5 R7f6 31. Rdd1 Qf7 32. Qa7 Rxf3 33. Rg1 Rh3 34. Rg6 Rf1
35. Rxd6 Rxc3 36. bxc3 Qb3 37. Qxb7 Rxd1+ 38. Rxd1 Qxd1+ 39. Kb2 Qe2+ 40. Kc1
Qxh5 41. Qxa6 Qe2 42. a4 Qe3+ 43. Kb2 Qd2+ 44. Kb3 Qd1+ 45. Ka3 Qc1+ 46. Kb3
Qb1+ 47. Ka3 bxa4 48. Kxa4 Qxe4 49. c4 h5 50. c5 h4 51. Qe6 Qf3 52. c6 h3 53. c7
Qa8+ 54. Kb3 Qf3+ 55. Kc4 Qe2+ 56. Kc5 Qc2+ 57. Kd6 h2 58. Qh3+ Kg6 59. Qg4+ Kf6
60. Qe6+ Kg5 61. Qxe5+ Kh4 62. Qf4+ Kh3 63. Qf3+ Kh4 64. b5 g5 65. b6 g4 66. Qd5
g3 67. b7 Qg6+ 68. Kd7 Qg7+ 69. Kc8 g2 70. b8=Q g1=Q 71. Qb4+ Q7g4+ 72. Qxg4+
Qxg4+ 73. Kb7 Qb4+ 74. Kc6 Qc3+ 75. Kd7 Qh3+ 76. Kd8 1/2-1/2

[Event "42nd Olympiad 2016"]
[Site "Baku AZE"]
[Date "2016.09.04"]
[Round "3.1"]
[Board "3"]
[White "Svetushkin, Dmitry"]
[Black "Nepomniachtchi, Ian"]
[Result "0-1"]
[WhiteTitle "GM"]
[BlackTitle "GM"]
[WhiteElo "2543"]
[BlackElo "2740"]
[WhiteTeam "Moldova"]
[BlackTeam "Russia"]
[WhiteFideId "13900463"]
[BlackFideId "4168119"]
[EventDate "2016.09.02"]

1. e4 c5 2. Nf3 d6 3. Bb5+ Nd7 4. c3 Nf6 5. Qe2 a6 6. Ba4 b5 7. Bc2 Bb7 8. O-O
g6 9. d4 Bg7 10. Re1 e5 11. a4 O-O 12. dxe5 Nxe5 13. Nxe5 dxe5 14. axb5 axb5 15.
Rxa8 Qxa8 16. Na3 b4 17. Nc4 Rd8 18. Bg5 h6 19. Bxf6 Bxf6 20. Bb3 bxc3 21. bxc3
Qa6 22. Qf3 Kg7 23. Ne3 Rd3 24. Bc2 Rd2 25. Rd1 Qd6 26. h3 Bg5 27. Nc4 Rxd1+ 28.
Bxd1 Qa6 29. Qd3 Qa1 30. Kh2 Qa2 31. Be2 Ba6 32. g3 Bd8 33. Kg2 Ba5 34. Bf1 Qa1
35. Qd5 Bxc3 36. Qxc5 Qb1 37. Qe3 Qb4 38. Qd3 Bd4 39. Qc2 Qe1 40. Qe2 Qa1 41.
Qc2 Bc8 42. Nd2 Qe1 43. Nf3 Bxh3+ 44. Kxh3 Qxf1+ 45. Kh2 Bxf2 46. Qb2 Be3 0-1

[Event "42nd Olympiad 2016"]
[Site "Baku AZE"]
[Date "2016.09.04"]
[Round "3.10"]
[Board "3"]
[White "Buhmann, Rainer"]
[Black "Korobov, Anton"]
[Result "1/2-1/2"]
[WhiteTitle "GM"]
[BlackTitle "GM"]
[WhiteElo "2640"]
[BlackElo "2675"]
[WhiteTeam "Germany"]
[BlackTeam "Ukraine"]
[WhiteFideId "4651340"]
[BlackFideId "14105730"]
[EventDate "2016.09.02"]

1. d4 d5 2. c4 c6 3. Nf3 Nf6 4. e3 Bf5 5. Nc3 e6 6. Nh4 Be4 7. f3 Bg6 8. Qb3 Qc7
9. Bd2 Nbd7 10. g3 Be7 11. cxd5 Nxd5 12. Nxg6 hxg6 13. e4 Nxc3 14. Qxc3 Rc8 15.
O-O-O c5 16. Bf4 Bd6 17. Bxd6 Qxd6 18. d5 e5 19. h4 Nf6 20. Bb5+ Kf8 21. f4 Nxe4
22. Qf3 f5 23. Bd3 exf4 24. Bxe4 fxe4 25. Qxe4 Re8 26. Qxf4+ Qxf4+ 27. gxf4 Re4
28. d6 Kf7 29. Rhe1 Rxe1 30. Rxe1 Re8 31. Re5 b6 32. Kc2 Re6 33. Rd5 Ke8 34. d7+
Kd8 35. f5 gxf5 36. Rxf5 Kxd7 37. Rg5 Re7 38. h5 Ke8 39. a3 Kf7 40. Kd3 Re6 41.
Kc4 a6 42. b3 Kg8 43. Kd5 Rf6 44. a4 Kh7 45. Kc4 Kh6 46. Re5 Rf4+ 47. Kc3 Rf1
48. Kd2 Rf3 49. Re6+ Kxh5 50. Rxb6 g5 51. Rxa6 Rxb3 52. a5 Ra3 53. Ra8 g4 54. a6
Kh4 55. Kc2 c4 56. Kb2 Rb3+ 57. Kc2 Kg3 58. Rc8 Ra3 59. Rc6 Kf3 60. Kb2 Ra4 61.
Kc3 g3 62. Rf6+ Ke4 63. Kb2 Ra5 64. Rg6 Kf4 65. Kc3 Ra4 66. Kd4 c3+ 67. Kd3 Ra2
68. Kxc3 Kf5 69. Kb3 1/2-1/2

[Event "42nd Olympiad 2016"]
[Site "Baku AZE"]
[Date "2016.09.04"]
[Round "3.11"]
[Board "4"]
[White "Ibarra Jerez, Jose Carlos"]
[Black "Bauer, Christian"]
[Result "1/2-1/2"]
[WhiteTitle "GM"]
[BlackTitle "GM"]
[WhiteElo "2566"]
[BlackElo "2623"]
[WhiteTeam "Spain"]
[BlackTeam "France"]
[WhiteFideId "2226332"]
[BlackFideId "603767"]
[EventDate "2016.09.02"]

1. e4 e6 2. d4 d5 3. Nc3 Bb4 4. Ne2 Nc6 5. a3 Ba5 6. b4 Bb6 7. Bb2 Nf6 8. e5 Ng4
9. Na4 f6 10. Nf4 Nh6 11. Nxb6 axb6 12. Qh5+ Nf7 13. Bd3 fxe5 14. dxe5 Qg5 15.
Qxg5 Nxg5 16. Ne2 Nf7 17. f4 Bd7 18. c4 Ne7 19. cxd5 Nxd5 20. Rc1 O-O-O 21. O-O
Kb8 22. h4 Nh6 23. Rf3 Be8 24. Nd4 Bh5 25. Rf2 Ng4 26. Rff1 Rhe8 27. Be4 Bg6 28.
Bf3 h5 29. g3 c6 30. Rfe1 b5 31. Nb3 Nb6 32. Bd4 Nc4 33. Rc3 Nxa3 34. Bb6 Nc2
35. Bxd8 Nxe1 36. Bb6 Nd3 37. Nc5 Nxc5 38. Bxc5 Nh6 39. Bb6 Re7 40. Bc5 Re8 41.
Bb6 Nf5 42. Kf2 Ne7 43. Rc1 Nc8 44. Bc5 Rd8 45. Rd1 Kc7 46. Rxd8 Kxd8 47. Bf8
Ke8 48. Bxg7 Ne7 49. Bf6 Nd5 50. Bxd5 1/2-1/2

[Event "42nd Olympiad 2016"]
[Site "Baku AZE"]
[Date "2016.09.04"]
[Round "3.31"]
[Board "3"]
[White "Belouadah, Saad"]
[Black "Kulpruethanon, Thanadon"]
[Result "1-0"]
[WhiteTitle "IM"]
[BlackTitle "CM"]
[WhiteElo "2340"]
[BlackElo "2235"]
[WhiteTeam "Algeria"]
[BlackTeam "Thailand"]
[WhiteFideId "7900856"]
[BlackFideId "6201610"]
[EventDate "2016.09.02"]

1. d4 d5 2. c4 c6 3. cxd5 cxd5 4. Nc3 Nf6 5. Bf4 Nc6 6. e3 a6 7. Bd3 Bg4 8. Nge2
e6 9. f3 Bh5 10. a3 Bd6 11. Rc1 Bg6 12. Na4 Bxd3 13. Qxd3 Bxf4 14. exf4 Nd7 15.
O-O Qf6 16. b4 O-O 17. Nc5 Nxc5 18. bxc5 Rac8 19. Rb1 Rc7 20. Qd2 g6 21. g3 Rd8
22. Rb6 Rdd7 23. Kg2 Kg7 24. Rd1 h6 25. g4 Kf8 26. Ng3 Ke8 27. g5 Qh8 28. h4 h5
29. Ne2 Kf8 30. Rdb1 Kg8 31. R1b3 Kh7 32. Rd3 Qc8 33. Rb1 Ne7 34. Rb2 Nf5 35.
Qe1 Re7 36. Rdb3 Qh8 37. Qf2 Qe8 38. Nc1 Qa4 39. Rd3 Qc4 40. Qd2 Qa4 41. Rb4 Qd7
42. Qf2 Rc6 43. Rdb3 Rc7 44. Nd3 Qe8 45. Ne5 Qf8 46. Qe1 f6 47. gxf6 Qxf6 48.
Kh3 Ng7 49. Qg3 Nf5 50. Qg5 Qg7 51. Rd3 Nh6 52. Rb6 Nf7 53. Nxf7 Rxf7 54. Rxe6
Rf5 55. Qd8 Rcf7 56. Kg3 Qh6 57. Qd6 Rxf4 58. Qxd5 R4f5 59. Qe4 Qc1 60. Qe1 Qf4+
61. Kg2 g5 62. Re4 Qc7 63. Qg3 Qd8 64. Rde3 gxh4 65. Qxh4 Rg7+ 66. Kf2 Rfg5 67.
Re7 Rg2+ 68. Kf1 Rg1+ 69. Ke2 Rg2+ 70. Kd3 Rg5 71. R3e5 Rxe7 72. Qxg5 1-0

[Event "42nd Olympiad 2016"]
[Site "Baku AZE"]
[Date "2016.09.04"]
[Round "3.32"]
[Board "4"]
[White "Alzaim, Talal"]
[Black "Thorfinnsson, Bragi"]
[Result "0-1"]
[BlackTitle "IM"]
[WhiteElo "2259"]
[BlackElo "2430"]
[WhiteTeam "Syria"]
[BlackTeam "Iceland"]
[WhiteFideId "7600402"]
[BlackFideId "2300958"]
[EventDate "2016.09.02"]

1. d4 Nf6 2. c4 e6 3. Nc3 Bb4 4. e3 O-O 5. Ne2 d5 6. a3 Bd6 7. c5 Be7 8. b4 c6
9. Bb2 b6 10. Nf4 a5 11. Bd3 Ba6 12. O-O Bxd3 13. Qxd3 Na6 14. Na2 Qb8 15. Bc3
bxc5 16. bxc5 e5 17. Ne2 Ne4 18. Rfb1 Qc8 19. f3 Nxc3 20. Naxc3 exd4 21. exd4
Re8 22. Ng3 g6 23. Ra2 Bg5 24. Re2 Nc7 25. Na4 Rxe2 26. Nxe2 Qe6 27. f4 Bf6 28.
Nac3 Re8 29. a4 Qc8 30. f5 Bg5 31. Rb6 Re3 32. Qb1 Na6 33. fxg6 hxg6 34. Rb2 Kg7
35. Kh1 Nb4 36. Nd1 Re7 37. Nf2 Qa6 38. Qd1 Qc4 39. Ng4 Nd3 40. Rc2 Qb3 41. h4
Bf4 42. g3 Nb2 43. Qf1 Qxc2 44. Nxf4 Qe4+ 45. Kh2 Qxd4 46. Qc1 Kf8 47. Qf1 Qd2+
48. Kh3 Qc2 49. Qa6 Re1 50. Nh6 Kg7 51. Qc8 Rh1+ 52. Kg4 Qd1+ 0-1

[Event "42nd Olympiad 2016"]
[Site "Baku AZE"]
[Date "2016.09.04"]
[Round "3.41"]
[Board "2"]
[White "Davy, Damion"]
[Black "Shengelia, David"]
[Result "0-1"]
[WhiteTitle "FM"]
[BlackTitle "GM"]
[WhiteElo "2117"]
[BlackElo "2573"]
[WhiteTeam "Jamaica"]
[BlackTeam "Austria"]
[WhiteFideId "7400519"]
[BlackFideId "13601270"]
[EventDate "2016.09.02"]

1. d4 Nf6 2. c4 e6 3. Nc3 Bb4 4. e3 O-O 5. Ne2 d5 6. a3 Be7 7. cxd5 exd5 8. Nf4
c6 9. Bd3 Re8 10. O-O Nbd7 11. h3 Bd6 12. Qc2 Nf8 13. Bd2 Bd7 14. Rfe1 Rc8 15.
Rac1 Bb8 16. e4 dxe4 17. Nxe4 Nxe4 18. Bxe4 Ng6 19. Nxg6 hxg6 20. Rcd1 Qc7 21.
f4 Be6 22. Rf1 Rcd8 23. Bc3 g5 24. Rde1 Bc4 25. Rf3 Bd5 26. fxg5 Qd6 27. Bb4 Qd7
28. Kf2 g6 29. Bc3 a6 30. Rf6 Bxe4 31. Rxe4 Ba7 32. Rxe8+ Qxe8 33. Rf4 Qe5 34.
Qe4 Qxg5 35. h4 Qd5 36. Qxd5 Rxd5 37. Kf3 f5 38. Ke2 Kg7 39. Kd3 Kh6 40. Rf1 Kh5
41. g3 Bxd4 42. Bxd4 c5 43. Kc4 Rxd4+ 44. Kxc5 Rd3 0-1

[Event "42nd Olympiad 2016"]
[Site "Baku AZE"]
[Date "2016.09.04"]
[Round "3.47"]
[Board "2"]
[White "Mehmeti, Dritan"]
[Black "Mandizha, Farai"]
[Result "1-0"]
[WhiteTitle "IM"]
[BlackTitle "IM"]
[WhiteElo "2415"]
[BlackElo "2363"]
[WhiteTeam "Albania"]
[BlackTeam "Zimbabwe"]
[WhiteFideId "4700600"]
[BlackFideId "11000430"]
[EventDate "2016.09.02"]

1. d4 e6 2. e4 d5 3. Nd2 h6 4. Ngf3 Nf6 5. e5 Nfd7 6. Bd3 c5 7. c3 Nc6 8. O-O a5
9. Re1 cxd4 10. cxd4 Qb6 11. Nb1 Nxd4 12. Nxd4 Qxd4 13. Nc3 Bb4 14. Nb5 Qb6 15.
Qg4 Kf8 16. Be3 Qd8 17. f4 b6 18. Rf1 Ba6 19. f5 Nxe5 20. Qh5 Kg8 21. fxe6 f6
22. Be2 Bxb5 23. Bxb5 Qe7 24. Qf5 Bc5 25. Rae1 Bxe3+ 26. Rxe3 Qc5 27. Re1 Rf8
28. a4 g6 29. Qf4 Rh7 30. Kh1 Qe7 31. Rxe5 fxe5 32. Qxe5 Rf5 33. Qb8+ Qf8 34.
Qxb6 Re7 35. h3 Qf6 36. Qe3 Kg7 37. b3 Rf4 38. Bd7 d4 39. Qe2 Qf5 40. Kg1 Kf6
41. Qd2 Kg7 42. b4 Qg5 43. Rd1 axb4 44. Qxb4 Qf6 45. Qd2 Qe5 46. Re1 Qd6 47. Qd3
Rf5 48. Re4 Rd5 49. Rg4 g5 50. Re4 Qc5 51. h4 Qc1+ 52. Kh2 Qc7+ 53. g3 Rdxd7 54.
exd7 Rxe4 55. Qxe4 Qxd7 56. h5 Qd6 57. Qd3 Kf8 58. a5 Qd5 59. a6 Qa2+ 60. Kh3
Qe6+ 61. Kg2 Qa2+ 62. Kf3 Qd5+ 63. Kg4 Qa5 64. Qf5+ 1-0

[Event "42nd Olympiad 2016"]
[Site "Baku AZE"]
[Date "2016.09.04"]
[Round "3.49"]
[Board "4"]
[White "Coppola, Claudio"]
[Black "Alfaro, William"]
[Result "1/2-1/2"]
[WhiteTitle "IM"]
[BlackTitle "FM"]
[WhiteElo "2230"]
[BlackElo "2188"]
[WhiteTeam "Uruguay"]
[BlackTeam "Nicaragua"]
[WhiteFideId "3001717"]
[BlackFideId "6100457"]
[EventDate "2016.09.02"]

1. d4 Nf6 2. c4 c5 3. Nf3 cxd4 4. Nxd4 Nc6 5. Nc3 g6 6. g3 Qb6 7. Ndb5 a6 8. Na3
Ng4 9. e3 d6 10. Nd5 Qd8 11. Bg2 Bg7 12. O-O O-O 13. Qb3 Rb8 14. Bd2 Be6 15.
Rac1 Nge5 16. Rfd1 Bg4 17. Re1 Nf3+ 18. Bxf3 Bxf3 19. Bc3 Ne5 20. Bxe5 Bxe5 21.
Nb6 h5 22. Nc2 h4 23. Nd4 Be4 24. a4 hxg3 25. hxg3 e6 26. f4 Bf6 27. Kf2 Kg7 28.
Nf3 Rh8 29. Rh1 Qc7 30. c5 dxc5 31. Rxh8 Rxh8 32. Rc4 Bxf3 33. Kxf3 Rh2 34. a5
Rxb2 35. Qd3 Qc6+ 36. Qe4 Qb5 37. g4 Qb3 38. Rc1 Bd4 39. Nc4 Rh2 40. Qb1 Rh3+
41. Kg2 Rxe3 42. Nxe3 Qxe3 43. Rf1 Qd2+ 44. Kg3 Qc3+ 45. Rf3 Qxa5 46. Qxb7 Qe1+
47. Kh3 Qh1+ 48. Kg3 Bc3 49. Kf2 Qh2+ 50. Kf1 Bd4 51. g5 c4 52. Qe4 Qg1+ 53. Ke2
c3 54. Rf1 Qh2+ 55. Kd3 Qd2+ 56. Kc4 Ba7 57. Qe5+ Kg8 1/2-1/2

[Event "42nd Olympiad 2016"]
[Site "Baku AZE"]
[Date "2016.09.04"]
[Round "3.60"]
[Board "1"]
[White "Ayyad, Husain"]
[Black "Blijstra, Wim"]
[Result "1-0"]
[WhiteTitle "FM"]
[BlackTitle "FM"]
[WhiteElo "2176"]
[BlackElo "2216"]
[WhiteTeam "Bahrain"]
[BlackTeam "Netherlands Antilles"]
[WhiteFideId "11200243"]
[BlackFideId "1018000"]
[EventDate "2016.09.02"]

1. e4 c5 2. Nf3 d6 3. d4 cxd4 4. Qxd4 Nc6 5. Bb5 Bd7 6. Bxc6 Bxc6 7. Nc3 Nf6 8.
Bg5 e6 9. O-O-O Be7 10. Qd3 O-O 11. Nd4 Rc8 12. Kb1 Nxe4 13. Nxe4 Bxe4 14. Bxe7
Bxd3 15. Bxd8 Bxc2+ 16. Nxc2 Rfxd8 17. Nd4 Rc5 18. Rc1 Rd5 19. Nb3 a5 20. Rhd1
Rxd1 21. Rxd1 b6 22. Rc1 Rb8 23. Rc7 e5 24. Kc2 a4 25. Nd2 b5 26. Rd7 Kf8 27.
Rxd6 Ke7 28. Ra6 f5 29. Nf3 Rc8+ 30. Kd2 Rc5 31. Rb6 Rd5+ 32. Ke3 Rc5 33. Ne1 a3
34. bxa3 Rc3+ 35. Ke2 Rxa3 36. Rxb5 Rxa2+ 37. Kf1 Kf6 38. Rb6+ Ke7 39. g3 Ra1
40. Rc6 Ra2 41. Rc2 Ra6 42. Ke2 Kf6 43. Nd3 Rb6 44. Nc5 Ke7 45. Kd3 Rd6+ 46. Ke3
g5 47. g4 fxg4 48. Ne4 Rh6 49. Rc7+ Kd8 50. Rg7 Rxh2 51. Rxg5 Rh3+ 52. Ng3 h5
53. Rxh5 1-0

[Event "42nd Olympiad 2016"]
[Site "Baku AZE"]
[Date "2016.09.04"]
[Round "3.61"]
[Board "3"]
[White "Ben Ammar, Mohamed"]
[Black "Abdelazeez, Mohamed Abdalla"]
[Result "0-1"]
[WhiteElo "1929"]
[BlackElo "2183"]
[WhiteTeam "Tunisia"]
[BlackTeam "Sudan"]
[WhiteFideId "5502012"]
[BlackFideId "12202576"]
[EventDate "2016.09.02"]

1. Nf3 Nf6 2. d4 d5 3. c4 c6 4. e3 e6 5. Nc3 Be7 6. Bd3 O-O 7. O-O Nbd7 8. b3
Re8 9. Bb2 Bd6 10. e4 e5 11. Re1 exd4 12. Nxd4 Nc5 13. cxd5 Bxh2+ 14. Kxh2 Ng4+
15. Kg3 Qf6 16. Rf1 Qg6 17. Kf4 Qh6+ 18. Kf3 Nxd3 19. Qxd3 Ne5+ 20. Ke2 Nxd3 21.
Kxd3 cxd5 22. Nxd5 b6 23. b4 Bb7 24. Nc3 Rad8 25. Rad1 Qd6 26. Ke3 Qxb4 27. Ba1
Rc8 28. Rc1 Rc4 29. Rfd1 Qc5 30. f3 Rd8 31. Ne2 Ba6 32. Rxc4 Qxc4 33. Nc3 Qc5
34. Nd5 f5 35. g4 fxe4 36. fxe4 Re8 37. Kf4 Qd6+ 38. Kf3 Qh2 39. Nf4 Rf8 40. Nf5
g6 41. Ne7+ Kf7 42. Nc6 Bc8 43. Be5 g5 44. Nd8+ Kg8 45. Nc6 Rxf4+ 0-1

[Event "42nd Olympiad 2016"]
[Site "Baku AZE"]
[Date "2016.09.04"]
[Round "3.72"]
[Board "2"]
[White "Balbalosa, Jeffrey"]
[Black "Lam, Daniel King-wai"]
[Result "0-1"]
[WhiteElo "1768"]
[BlackElo "2169"]
[WhiteTeam "Palau"]
[BlackTeam "Hong Kong"]
[WhiteFideId "16600240"]
[BlackFideId "6001238"]
[EventDate "2016.09.02"]

1. e4 c5 2. d3 Nc6 3. Nf3 g6 4. g3 Bg7 5. Bg2 e5 6. O-O Nge7 7. Re1 O-O 8. Nbd2
d6 9. Nf1 h6 10. h4 f5 11. exf5 gxf5 12. N1h2 Qe8 13. c3 Qg6 14. Qe2 Kh8 15. Kh1
Be6 16. Bd2 Rae8 17. Rg1 Nd5 18. c4 Nf6 19. Bc3 Ng4 20. Raf1 Nd4 21. Qd1 Bd7 22.
Bxd4 cxd4 23. b4 e4 24. Ne1 e3 25. fxe3 Nxe3 26. Qd2 Nxf1 27. Bxf1 Bc6+ 28. Nef3
Re3 29. Be2 Rfe8 30. Bd1 b6 31. b5 Ba8 32. a4 Qe6 33. Rf1 Re1 34. Kg2 Qe3 35.
Qc2 f4 36. g4 Qe7 37. Qf2 Re3 38. Kg1 Rxd3 39. Re1 Re3 40. Rf1 d3 41. g5 Qe6 42.
Qg2 Qxc4 43. Ng4 Re1 44. gxh6 Rxf1+ 45. Qxf1 Bd4+ 46. Kh2 Be5 47. Qh3 Qa2+ 48.
Kh1 Bc3 49. Nh2 Qf2 0-1